| 000 | 01034nam a2200313 i 4500 | ||
|---|---|---|---|
| 001 | 59320 | ||
| 003 | Mx-PuUPA | ||
| 005 | 20260119150435.0 | ||
| 008 | 140415s1972 sp gr 001 0 spa d | ||
| 017 | _aB-11396-1972 | ||
| 040 |
_aMX-PuUPA _bspa _erda _cMx-PuUPA _dMx-PuUPA |
||
| 041 | 1 |
_aspa _hfre |
|
| 100 | 1 |
_aDumas, Alexandre, _d1802-1870 _eautor _95406 |
|
| 240 | 1 | 4 |
_aLes trois mousquetaires. _lEspañol |
| 245 | 1 | 4 |
_aLos tres mosqueteros / _cAlejandro Dumas ; traducción, Alejandro Ferrer |
| 250 | _aEdición especial | ||
| 264 | 1 |
_aBarcelona : _bEditorial Bruguera, _c1972 |
|
| 300 |
_a2 volúmenes ; _c18 cm |
||
| 336 |
_atexto _2rdacontent _btxt |
||
| 337 |
_asin mediación _2rdamedia _bn |
||
| 338 |
_avolumen _2rdacarrier _bnc |
||
| 650 | 7 |
_aLiteratura francesa _2armarc |
|
| 650 | 7 |
_aNovela francesa _2armarc |
|
| 700 | 1 |
_aFerrer, Alejandro, _etraductor |
|
| 765 | 0 |
_aDumas, Alejandro _tLes trois mousquetaires |
|
| 942 |
_h800 _iD8818 _cLI _2ddc |
||
| 999 |
_c59320 _d59320 |
||